[Event "Subotica-ch op"]
[Site "Subotica"]
[Date "2016.03.04"]
[Round "6"]
[White "Juhasz, Jeno"]
[Black "Kovacs, Istvan A"]
[Result "1-0"]
[WhiteElo "1941"]
[BlackElo "1849"]
[PlyCount "68"]
[EventDate "2016.02.22"]
[EventType "swiss"]
[EventRounds "9"]
[EventCountry "SRB"]
[SourceTitle "CBM 171 Extra"]
[Source "ChessBase"]
[SourceDate "2016.04.26"]
[SourceVersion "1"]
[SourceVersionDate "2016.04.26"]
[SourceQuality "1"]

1. c4 e6 2. e4 d5 3. cxd5 exd5 4. exd5 Qxd5 5. Nc3 Qa5 6. Nf3 Bg4 7. Be2 Nf6 8. h3 Bxf3 9. Bxf3 Qe5+ 10. Ne2 c6 11. 0-0 Be7 12. d4 Qc7 13. Bf4 Bd6 14. Bg3 0-0 15. Bxd6 Qxd6 16. Qb3 Qc7 17. Rac1 Qb6 18. Qc2 Na6 19. a3 Nc7 20. Rcd1 Ncd5 21. Rd3 Rfe8 22. Rfd1 Rad8 23. Rb3 Qc7 24. Qf5 Qd7 25. Qg5 Re7 26. Ng3 h6 27. Qd2 Rde8 28. Rd3 Kh7 29. Qc2 g6 30. b3 Qe6 31. Kf1 Qd6 32. Kg1 Qe6 33. Nf1 Qd6 34. Qc5 Qb8 1-0

[Event "Senta-ch"]
[Site "Senta"]
[Date "2016.01.31"]
[Round "6"]
[White "Juhasz, Jeno"]
[Black "Barta, Aron"]
[Result "1-0"]
[WhiteElo "1941"]
[BlackElo "1655"]
[PlyCount "119"]
[EventDate "2016.01.22"]
[EventType "swiss"]
[EventRounds "9"]
[EventCountry "SRB"]
[SourceTitle "CBM 170 Extra"]
[Source "ChessBase"]
[SourceDate "2016.02.25"]
[SourceVersion "1"]
[SourceVersionDate "2016.02.25"]
[SourceQuality "1"]

1. d4 d5 2. Nc3 Nf6 3. Bg5 e6 4. f3 Be7 5. e3 0-0 6. Bd3 h6 7. Bh4 c5 8. Qd2 cxd4 9. exd4 Qb6 10. Rb1 Nc6 11. Nge2 Nb4 12. Bf2 Nxd3+ 13. Qxd3 Bd7 14. 0-0 Bd6 15. Rfe1 Qc7 16. Bg3 Bxg3 17. Nxg3 a6 18. Rbc1 Qb6 19. b3 Ne8 20. Nh5 Nd6 21. Kh1 Nb5 22. Nxb5 Bxb5 23. Qe3 Rac8 24. c3 Rc7 25. Qe5 f6 26. Qxe6+ Qxe6 27. Rxe6 Rfc8 28. Re3 Be8 29. Nf4 Bf7 30. Kg1 a5 31. Kf2 b5 32. Ke1 Kf8 33. Kd2 Re8 34. Rce1 Rxe3 35. Rxe3 Re7 36. a3 Rxe3 37. Kxe3 Ke7 38. Nd3 Kd6 39. Nb2 Kc6 40. a4 Bg6 41. Kd2 Bf7 42. g4 h5 43. h3 hxg4 44. hxg4 g6 45. Ke3 Be6 46. Nd3 bxa4 47. bxa4 g5 48. Kf2 Kd6 49. Nc5 Bc8 50. Kg3 Ke7 51. Kf2 Kf7 52. Ke3 Ke7 53. Kd3 f5 54. gxf5 Bxf5+ 55. Kd2 g4 56. fxg4 Bxg4 57. Kc2 Bc8 58. Kb2 Kd6 59. Nb3 Bd7 60. Ka3 1-0

[Event "Senta-ch"]
[Site "Senta"]
[Date "2016.01.22"]
[Round "1"]
[White "Uveric, Nebojsa"]
[Black "Juhasz, Jeno"]
[Result "0-1"]
[WhiteElo "1538"]
[BlackElo "1941"]
[PlyCount "64"]
[EventDate "2016.01.22"]
[EventType "swiss"]
[EventRounds "9"]
[EventCountry "SRB"]
[SourceTitle "CBM 170 Extra"]
[Source "ChessBase"]
[SourceDate "2016.02.25"]
[SourceVersion "1"]
[SourceVersionDate "2016.02.25"]
[SourceQuality "1"]

1. e4 g6 2. d4 Bg7 3. Nf3 d6 4. c3 Nf6 5. Bd3 0-0 6. 0-0 c5 7. d5 Nbd7 8. h3 a6 9. Be3 b5 10. Nbd2 Nb6 11. b3 Nh5 12. Rc1 f5 13. exf5 gxf5 14. Bg5 Nxd5 15. c4 Nb4 16. Bb1 Nf6 17. a3 Nc6 18. Re1 Qc7 19. Nh4 e6 20. Ndf3 Bd7 21. Qc2 Ne7 22. Rcd1 Rad8 23. Bc1 e5 24. Qd2 e4 25. Nh2 Be6 26. Qc2 Nc6 27. Bf4 Nd4 28. Qc3 Qf7 29. Ba2 Nh5 30. Qc1 Nxf4 31. Qxf4 Qh5 32. g3 Bh6 0-1

[Event "Backa Topola-ch"]
[Site "Backa Topola"]
[Date "2012.11.30"]
[Round "6"]
[White "Juhasz, Jeno"]
[Black "Bacsa, Zoltan"]
[Result "1-0"]
[WhiteElo "1938"]
[BlackElo "1690"]
[PlyCount "130"]
[EventDate "2012.11.19"]
[EventType "swiss"]
[EventRounds "9"]
[EventCountry "SRB"]
[SourceTitle "EXT 2014"]
[Source "ChessBase"]
[SourceDate "2013.11.20"]
[SourceVersion "1"]
[SourceVersionDate "2013.11.20"]
[SourceQuality "1"]

1. d4 d5 2. Nf3 e6 3. Bf4 c6 4. e3 Bd6 5. Bxd6 Qxd6 6. c3 Nd7 7. Bd3 c5 8. Nbd2 c4 9. Bc2 a6 10. Qe2 Ngf6 11. 0-0 b5 12. a3 Bb7 13. Rad1 h6 14. Ne1 Rc8 15. f4 h5 16. Nef3 Ke7 17. Ne5 Rcg8 18. Ndf3 Ng4 19. Ng5 Rf8 20. h3 Ngxe5 21. fxe5 Qb8 22. Qe1 h4 23. Nf3 Qd8 24. Nxh4 Ke8 25. Nf3 Qe7 26. Qg3 Kd8 27. Rf2 f6 28. Rdf1 f5 29. Qg5 Rh6 30. Ra1 Nb6 31. a4 Bc6 32. axb5 Bxb5 33. Rff1 Kd7 34. Qxe7+ Kxe7 35. Ng5 Rfh8 36. g3 Ra8 37. h4 Be8 38. Ra5 Bb5 39. Rfa1 Rhh8 40. Kf2 g6 41. Ke1 Rh5 42. Kf2 Rah8 43. Bd1 Rxg5 44. hxg5 Rh2+ 45. Kg1 Rxb2 46. R5a2 Rxa2 47. Rxa2 Kf7 48. Kf2 Kg7 49. Kf3 Kf7 50. g4 Kg7 51. Kg3 Kf7 52. gxf5 exf5 53. Kf4 Ke6 54. Rh2 Nc8 55. Rh7 Ne7 56. Rh8 Kf7 57. Rb8 Ke6 58. Rb6+ Kd7 59. Rd6+ Ke8 60. Bf3 Bc6 61. e6 a5 62. Bd1 a4 63. Rxc6 Nxc6 64. Bxa4 Ke7 65. Bxc6 Kxe6 1-0

[Event "Backa Topola-ch"]
[Site "Backa Topola"]
[Date "2012.11.28"]
[Round "5"]
[White "Aleksic, Zvonimir"]
[Black "Juhasz, Jeno"]
[Result "1-0"]
[WhiteElo "1911"]
[BlackElo "1938"]
[PlyCount "68"]
[EventDate "2012.11.19"]
[EventType "swiss"]
[EventRounds "9"]
[EventCountry "SRB"]
[SourceTitle "EXT 2014"]
[Source "ChessBase"]
[SourceDate "2013.11.20"]
[SourceVersion "1"]
[SourceVersionDate "2013.11.20"]
[SourceQuality "1"]

1. e4 d6 2. d4 Nf6 3. f3 g6 4. c4 Bg7 5. Nc3 Nbd7 6. Be3 c6 7. Qd2 Qa5 8. Nge2 b5 9. b4 Qxb4 10. Rb1 Qa5 11. cxb5 cxb5 12. Nxb5 Qxd2+ 13. Bxd2 0-0 14. Nc7 Rb8 15. Rxb8 Nxb8 16. Nc3 Nfd7 17. N7d5 Nc6 18. Bb5 Ndb8 19. Bg5 f6 20. Be3 e6 21. Nf4 a6 22. Bc4 Nd8 23. 0-0 Nbc6 24. Rb1 Na5 25. Bf1 Rf7 26. d5 e5 27. Ne6 Nxe6 28. dxe6 Bxe6 29. Bxa6 Nc4 30. Bf2 Bh6 31. Nd5 Bxd5 32. exd5 Rc7 33. Rb8+ Bf8 34. a4 Nb2 1-0

[Event "Backa Topola-ch"]
[Site "Backa Topola"]
[Date "2012.11.26"]
[Round "4"]
[White "Juhasz, Jeno"]
[Black "Holobica, Laszlo"]
[Result "0-1"]
[WhiteElo "1938"]
[BlackElo "1692"]
[PlyCount "112"]
[EventDate "2012.11.19"]
[EventType "swiss"]
[EventRounds "9"]
[EventCountry "SRB"]
[SourceTitle "EXT 2014"]
[Source "ChessBase"]
[SourceDate "2013.11.20"]
[SourceVersion "1"]
[SourceVersionDate "2013.11.20"]
[SourceQuality "1"]

1. d4 d5 2. Bf4 c6 3. e3 Nf6 4. Bd3 e6 5. Nd2 Bd6 6. Bxd6 Qxd6 7. f4 Qe7 8. Ngf3 c5 9. c3 0-0 10. Ne5 cxd4 11. exd4 Nbd7 12. Qe2 Nxe5 13. fxe5 Nd7 14. Qh5 h6 15. Nf3 f5 16. 0-0-0 Qf7 17. Qh3 Qg6 18. g3 Nb6 19. Rhg1 Nc4 20. Rde1 Bd7 21. Kc2 Ba4+ 22. b3 Na3+ 23. Kb2 Bb5 24. Bxb5 Nxb5 25. Qf1 a6 26. a4 Na7 27. Qd3 Qf7 28. Rc1 Qe7 29. Ne1 b5 30. Ra1 bxa4 31. Rxa4 Nb5 32. c4 dxc4 33. bxc4 Nc7 34. Qa3 Qd7 35. Kc3 Qc6 36. Kd2 Rfd8 37. Nc2 Rac8 38. Qb3 Qe4 39. Qe3 Qc6 40. Rga1 Nd5 41. Qb3 Nc7 42. Qd3 Rb8 43. R1a2 Rb6 44. Nb4 Qg2+ 45. Ke3 Qg1+ 46. Rf2 Rxb4 47. Raa2 Qc1+ 48. Kf3 Rxc4 49. Kg2 Rcxd4 50. Qb3 Rd3 51. Qb4 Qe3 52. Qa5 Qe4+ 53. Kh3 R8d7 54. Rac2 Nd5 55. Qxa6 Qg4+ 56. Kg2 Ne3+ 0-1

[Event "Senta January op"]
[Site "Senta"]
[Date "2011.01.23"]
[Round "3"]
[White "Juhasz, Jeno"]
[Black "Markus, Tibor"]
[Result "1-0"]
[WhiteElo "1990"]
[BlackElo "1851"]
[PlyCount "101"]
[EventDate "2011.01.21"]
[EventType "swiss"]
[EventRounds "9"]
[EventCountry "SRB"]
[SourceTitle "CBM 140 Extra"]
[Source "ChessBase"]
[SourceDate "2011.03.01"]
[SourceVersion "1"]
[SourceVersionDate "2011.03.01"]
[SourceQuality "1"]

1. d4 f5 2. g3 Nf6 3. Bg2 d5 4. Nf3 Nc6 5. c4 e6 6. 0-0 Ne4 7. b3 Be7 8. Bb2 0-0 9. e3 b6 10. cxd5 exd5 11. a3 Be6 12. Qc2 Na5 13. Nc3 Bd6 14. Nb5 a6 15. Nxd6 Qxd6 16. Rfc1 Rfc8 17. Bc3 Nxc3 18. Qxc3 Nb7 19. Ne5 c5 20. Qb2 Rc7 21. Bf1 b5 22. dxc5 Nxc5 23. Nf3 Rac8 24. b4 Na4 25. Qd2 Nc3 26. Nd4 Bd7 27. Nb3 Ne4 28. Qb2 Rxc1 29. Rxc1 Rxc1 30. Qxc1 Kf7 31. Bg2 Nf6 32. Bf3 g6 33. Qc3 Be6 34. Qd4 Qc6 35. Nc5 g5 36. Qe5 a5 37. Nxe6 Qxe6 38. Qc7+ Kg6 39. bxa5 d4 40. Qb6 Qb3 41. a6 Qxa3 42. a7 Qa1+ 43. Kg2 g4 44. Bb7 d3 45. a8Q Qb2 46. Qg8+ Kh6 47. Qf8+ Kg6 48. Bd5 h5 49. Bf7+ Kh7 50. Qg8+ Nxg8 51. Qg6+ 1-0

[Event "Subotica-ch"]
[Site "Subotica"]
[Date "2010.02.26"]
[Round "5"]
[White "Juhasz, Jeno"]
[Black "Pajzer, Istvan"]
[Result "1-0"]
[WhiteElo "1986"]
[BlackElo "2102"]
[PlyCount "117"]
[EventDate "2010.02.17"]
[EventType "swiss"]
[EventRounds "9"]
[EventCountry "SRB"]
[SourceTitle "EXT 2019"]
[Source "ChessBase"]
[SourceDate "2018.10.10"]
[SourceVersion "1"]
[SourceVersionDate "2018.10.10"]
[SourceQuality "1"]

1. d4 Nf6 2. c4 g6 3. Nf3 Bg7 4. g3 c5 5. Nc3 0-0 6. Bg2 d5 7. dxc5 Qa5 8. 0-0 dxc4 9. Qa4 Qxc5 10. Be3 Qc6 11. Ne5 Qe6 12. Nxc4 Bd7 13. Qb3 Bc6 14. Nd2 Qxb3 15. Nxb3 Bxg2 16. Kxg2 Nc6 17. f3 Rfd8 18. Rad1 b6 19. a3 Ne5 20. Bc1 Nc4 21. Kf2 e6 22. Nd2 Nxd2 23. Rxd2 Rxd2 24. Bxd2 Rd8 25. Rd1 h6 26. Ke1 Ne8 27. Rc1 Nd6 28. b3 Rc8 29. a4 a6 30. Na2 Rxc1+ 31. Bxc1 Nb7 32. Kd2 Nc5 33. Kc2 f5 34. Be3 Nd7 35. Nb4 a5 36. Nc6 Kf7 37. Kd3 Be5 38. Bxh6 Bc7 39. Kc4 e5 40. Be3 Ke6 41. Kb5 f4 42. Bf2 g5 43. Na7 Kd5 44. gxf4 exf4 45. Nc8 Nc5 46. Nxb6+ Bxb6 47. Kxb6 Nxb3 48. Kb5 Nc1 49. e4+ Ke5 50. Bb6 Nd3 51. Bxa5 g4 52. Bc3+ Ke6 53. fxg4 f3 54. Bd4 f2 55. Bxf2 Nxf2 56. a5 Nxg4 57. a6 Nf6 58. a7 Ne8 59. Kc6 1-0

[Event "Senta op-B 13th"]
[Site "Senta"]
[Date "2009.07.21"]
[Round "5"]
[White "Pacal, Mihaly"]
[Black "Juhasz, Jeno"]
[Result "1-0"]
[WhiteElo "2152"]
[BlackElo "1990"]
[PlyCount "121"]
[EventDate "2009.07.18"]
[EventType "swiss"]
[EventRounds "9"]
[EventCountry "YUG"]
[SourceTitle "EXT 2012"]
[Source "ChessBase"]
[SourceDate "2011.11.24"]
[SourceVersion "1"]
[SourceVersionDate "2011.11.24"]
[SourceQuality "1"]

1. e4 c6 2. Nc3 d5 3. Nf3 dxe4 4. Nxe4 Bf5 5. Ng3 Bg6 6. h4 h6 7. Ne5 Qd6 8. d4 Nd7 9. Nxg6 Qxg6 10. Bd3 Qd6 11. c3 Ngf6 12. Ne4 Nxe4 13. Bxe4 Nf6 14. Bf3 e6 15. Qb3 Qc7 16. Bd2 Bd6 17. 0-0-0 a5 18. Qc2 Bf4 19. Rde1 Bxd2+ 20. Qxd2 0-0-0 21. Qe3 Kb8 22. Kb1 Qd6 23. g3 Nd7 24. Bd1 Nb6 25. Qe5 Qxe5 26. Rxe5 Rd5 27. Rhe1 Nc4 28. Rxd5 cxd5 29. Kc1 Kc7 30. b3 Nb6 31. Be2 Rc8 32. Kd2 Kd6 33. Rc1 Rc7 34. c4 Ke7 35. c5 Nd7 36. a3 f6 37. b4 axb4 38. axb4 e5 39. Bg4 Nf8 40. h5 Ne6 41. Bxe6 Kxe6 42. Ke3 Kf5 43. f3 Ke6 44. Ra1 Kd7 45. Ra8 Kc6 46. Rd8 Kb5 47. Rxd5 Kxb4 48. dxe5 fxe5 49. Rxe5 Rxc5 50. Re7 b5 51. Rxg7 Rxh5 52. f4 Kc3 53. Rc7+ Kb3 54. Ke4 b4 55. f5 Rh1 56. f6 Rf1 57. Ke5 Ka2 58. Ra7+ Kb2 59. f7 Kc3 60. Ke6 Rf3 61. Ra8 1-0

[Event "Subotica-ch"]
[Site "Subotica"]
[Date "2008.02.25"]
[Round "4"]
[White "Pajzer, Istvan"]
[Black "Juhasz, Jeno"]
[Result "1-0"]
[WhiteElo "2152"]
[BlackElo "1921"]
[PlyCount "71"]
[EventDate "2008.02.18"]
[EventType "swiss"]
[EventRounds "9"]
[EventCountry "YUG"]
[SourceTitle "CBM 123 Extra"]
[Source "ChessBase"]
[SourceDate "2008.05.06"]
[SourceVersion "1"]
[SourceVersionDate "2008.05.06"]
[SourceQuality "1"]

1. e4 c5 2. Nf3 Nc6 3. d4 cxd4 4. Nxd4 Nf6 5. Nc3 e5 6. Ndb5 d6 7. Bg5 a6 8. Na3 b5 9. Bxf6 gxf6 10. Nd5 Bg7 11. c3 f5 12. Bd3 Ne7 13. Nxe7 Qxe7 14. Qh5 fxe4 15. Bxe4 Bb7 16. Bxb7 Qxb7 17. 0-0-0 Rd8 18. Nc2 0-0 19. Ne3 f6 20. Nf5 d5 21. Rd3 Qf7 22. Qg4 Kh8 23. Rhd1 Rg8 24. Kb1 Bf8 25. Qh3 Rg5 26. g4 Bc5 27. f4 exf4 28. Qf3 h5 29. h3 Be3 30. Rxd5 Re8 31. Rd7 Qe6 32. R1d6 Qe5 33. Qb7 Qe4+ 34. Qxe4 Rxe4 35. Rxf6 hxg4 36. Rd8+ 1-0

[Event "Subotica-ch op "]
[Site "Subotica"]
[Date "2007.02.28"]
[Round "5"]
[White "Cabarkapa, Novak"]
[Black "Juhasz, Jeno"]
[Result "0-1"]
[WhiteElo "2091"]
[BlackElo "1948"]
[PlyCount "48"]
[EventDate "2007.02.19"]
[EventType "swiss"]
[EventRounds "9"]
[EventCountry "YUG"]
[SourceTitle "EXT 2008"]
[Source "ChessBase"]
[SourceDate "2007.11.25"]
[SourceVersion "1"]
[SourceVersionDate "2007.11.25"]
[SourceQuality "1"]

1. e4 c5 2. d4 cxd4 3. c3 d3 4. Bxd3 d6 5. Nf3 Nf6 6. 0-0 e6 7. Bg5 Be7 8. Nbd2 h6 9. Bh4 0-0 10. Qc2 Nbd7 11. Rac1 Qc7 12. Rfd1 Re8 13. Nc4 Nc5 14. Bg3 e5 15. Bf1 Bg4 16. Bh4 g5 17. Bg3 Bh5 18. h4 g4 19. Nh2 Bg6 20. f3 h5 21. Ne3 gxf3 22. gxf3 Qc6 23. Nd5 Nxd5 24. Rxd5 Qxd5 0-1

[Event "Subotica-ch op "]
[Site "Subotica"]
[Date "2007.02.23"]
[Round "3"]
[White "Kovacs, Sandor"]
[Black "Juhasz, Jeno"]
[Result "0-1"]
[WhiteElo "1800"]
[BlackElo "1948"]
[PlyCount "77"]
[EventDate "2007.02.19"]
[EventType "swiss"]
[EventRounds "9"]
[EventCountry "YUG"]
[SourceTitle "EXT 2008"]
[Source "ChessBase"]
[SourceDate "2007.11.25"]
[SourceVersion "1"]
[SourceVersionDate "2007.11.25"]
[SourceQuality "1"]

1. d4 d5 2. e3 Nf6 3. c4 c6 4. Nf3 e6 5. Nc3 Be7 6. Be2 0-0 7. 0-0 b6 8. b3 Bb7 9. Bb2 Nbd7 10. Rc1 Bd6 11. a3 Rc8 12. h3 Bb8 13. Bd3 h6 14. Qe2 Qe7 15. b4 c5 16. bxc5 dxc4 17. Bxc4 bxc5 18. Na2 cxd4 19. Nxd4 Qd6 20. f4 Ne4 21. Qg4 Ndf6 22. Qh4 Qb6 23. Ba1 Rfd8 24. Be2 Ba6 25. Bxa6 Qxa6 26. Qe1 Bd6 27. Nc2 Nd5 28. Bd4 f6 29. Kh2 Ne7 30. Kg1 Nf5 31. Qd1 Nfg3 32. Re1 e5 33. fxe5 fxe5 34. Ba1 Bxa3 35. Qg4 h5 36. Qh4 Bxc1 37. Bxe5 g5 38. Qxg3 Nxg3 39. Bxg3 0-1

[Event "Senta op"]
[Site "Senta"]
[Date "2007.02.10"]
[Round "8"]
[White "Juhasz, Jeno"]
[Black "Mrzic, Branko"]
[Result "0-1"]
[WhiteElo "1948"]
[BlackElo "2041"]
[PlyCount "72"]
[EventDate "2007.01.19"]
[EventType "swiss"]
[EventRounds "9"]
[EventCountry "SRB"]
[SourceTitle "EXT 2022"]
[Source "ChessBase"]
[SourceDate "2021.10.06"]
[SourceVersion "1"]
[SourceVersionDate "2021.10.06"]
[SourceQuality "1"]

1. b3 e5 2. Bb2 d6 3. e3 Nf6 4. Be2 Bf5 5. d3 Be7 6. Nc3 0-0 7. Bf3 c6 8. Nge2 Qc7 9. Ng3 Bg6 10. Qe2 d5 11. 0-0-0 Nbd7 12. h4 h6 13. h5 Bh7 14. Bg4 Nxg4 15. Qxg4 f5 16. Qe2 Bd6 17. Nf1 Rae8 18. Nd2 d4 19. Ncb1 b5 20. Rdg1 Nf6 21. Nf3 c5 22. Nbd2 Qa5 23. Kb1 Nd5 24. Qd1 Nc3+ 25. Bxc3 dxc3 26. Nf1 e4 27. dxe4 fxe4 28. N3h2 c4 29. Ng3 Rxf2 30. Qe1 Qa3 31. Qc1 Qxc1+ 32. Kxc1 Bxg3 33. Ng4 Rd2 34. Rh3 Bd6 35. Rf1 Ba3+ 36. Kb1 Rxg2 0-1

[Event "Senta op"]
[Site "Senta"]
[Date "2007.01.28"]
[Round "5"]
[White "Csaki, Gaspar"]
[Black "Juhasz, Jeno"]
[Result "1/2-1/2"]
[WhiteElo "2005"]
[BlackElo "1948"]
[PlyCount "37"]
[EventDate "2007.01.19"]
[EventType "swiss"]
[EventRounds "9"]
[EventCountry "SRB"]
[SourceTitle "EXT 2022"]
[Source "ChessBase"]
[SourceDate "2021.10.06"]
[SourceVersion "1"]
[SourceVersionDate "2021.10.06"]
[SourceQuality "1"]

1. d4 Nf6 2. g3 d5 3. Nf3 e6 4. Bg2 Be7 5. Nbd2 b6 6. 0-0 0-0 7. c4 c6 8. b3 Bb7 9. Re1 c5 10. dxc5 Bxc5 11. e3 Nbd7 12. Bb2 Qc7 13. Rc1 Qb8 14. a3 Rd8 15. Qc2 Be7 16. Red1 dxc4 17. Nxc4 Be4 18. Qe2 Qb7 19. Ne1 1/2-1/2